Words in ELO Song Titles #1 - Statistics

General Stats
  • This quiz has been taken 13 times
    8 since last reset
  • The average score is 6 of 17
Answer Stats
Album Song % Correct
Discovery Don't Bring Me Down
86%
Out of the Blue Sweet is the Night
71%
Secret Messages Rock 'n' Roll is King
57%
Discovery Shine a Little Love
57%
On the Third Day In the Hall of the Mountain King
43%
Discovery Need Her Love
43%
Out of the Blue Night in the City
43%
Face the Music Down Home Town
29%
Alone in the Universe Love and Rain
29%
Time The Lights Go Down
29%
The Electric Light Orchestra Whisper in the Night
29%
From Out of Nowhere Down Came the Rain
14%
Zoom Just for Love
14%
On the Third Day Ocean Breakup / King of the Universe
14%
The Electric Light Orchestra Queen of the Hours
14%
From Out of Nowhere All My Love
0%
Alone in the Universe When the Night Comes
0%
No matching quizzes found
Score Distribution
Percent of People with Each Score
Percentile by Number Answered
Your Score History
You have not taken this quiz since the last reset